000 00429nam a2200145Ia 4500
008 230917s9999||||xx |||||||||||||| ||und||
040 _e57146
_aMAIN
041 _aEnglish
082 _a821.8 E46W
100 _aEliot, T S
245 4 _aThe waste land: a facsimile and transcript of the original drafts including the annotations of ezra pound
260 _aLondon
_bFaber & Faber
_c1980
300 _axxx, 131 p.
942 _cBK
999 _c215692
_d215692